| 000 | 01566cam a2200385 a 4500 | ||
|---|---|---|---|
| 999 |
_c331724 _d331724 |
||
| 001 | 3030638 | ||
| 003 | NUST | ||
| 005 | 20171019103819.0 | ||
| 008 | 941013s1993 pk b 001 0 eng | ||
| 010 | _a 94930057 | ||
| 020 |
_a9694150337 : _cRs150.00 ($22.00 U.S.) |
||
| 025 | _aP-E-027809 | ||
| 040 |
_aDLC _cDLC _dDLC |
||
| 042 | _alcode | ||
| 043 |
_aa-pk--- _aa-ii--- |
||
| 050 | 0 | 0 |
_aDS480.45 _b.H338 1993 |
| 082 |
_a954.03 _bNOO |
||
| 100 | 1 |
_aHaq, Noor ul _95522 |
|
| 245 | 1 | 0 |
_aMaking of Pakistan, the military perspective / _cNoor ul Haq. |
| 250 | _a1st ed. | ||
| 260 |
_aIslamabad, Pakistan : _bNational Institute of Historical and Cultural Research, _c1993. |
||
| 300 |
_axix, 332 p. : _bmap (folded) ; _c23 cm. |
||
| 440 | 0 |
_aHistorical studies (Pakistan) series ; _v11 _95523 |
|
| 490 | 1 |
_aNIHCR publication ; _vno. 81 |
|
| 500 | _aOriginally presented as the author's thesis (Ph. D.--Quaid-i-Azam University, Islamabad) under the title: Political and military perspectives of the struggle for Pakistan. | ||
| 504 | _aIncludes bibliographical references (p. 303-317) and index. | ||
| 610 | 1 | 0 |
_aIndia. _bArmy _xHistory. _95524 |
| 650 | 0 |
_aPakistan movement. _9203 |
|
| 651 | 0 |
_aIndia _xPolitics and government _y1919-1947. _9205 |
|
| 740 | 0 | _aPolitical and military perspectives of the struggle for Pakistan. | |
| 830 | 0 |
_aN.I.H.C.R. publication ; _vno. 81. _95525 |
|
| 906 |
_a7 _bcbc _corigode _d3 _encip _f19 _gy-gencatlg |
||
| 942 |
_2ddc _cBK |
||